Energy services for the world's poor

Uloženo v:
Podrobná bibliografie
Korporativní autor: World Bank
Médium: Kniha
Jazyk:Undetermined
Vydáno: Washington DC The World Bank 2000
Témata:
Tagy: Přidat tag
Žádné tagy, Buďte první, kdo otaguje tento záznam!
Thư viện lưu trữ: Trung tâm Học liệu Trường Đại học Cần Thơ
LEADER 00486nam a2200181Ia 4500
001 CTU_62822
008 210402s9999 xx 000 0 und d
082 |a 363.61 
082 |b W927 
110 |a World Bank 
245 0 |a Energy services for the world's poor 
245 0 |c World Bank 
260 |a Washington DC 
260 |b The World Bank 
260 |c 2000 
650 |a Water supply 
904 |i Minh (Nguyên sửa) 
980 |a Trung tâm Học liệu Trường Đại học Cần Thơ